Estadísticas para 15 principales países con muertes de Covid-19 - 22 de mayo

Haz click aquí para intentar la prueba.

Estadísticas generales

  • Esta prueba ha sido intentada 3 veces
  • La puntuación promedio es 18 de 21

Estadísticas de respuestas

país% Correcto
Alemania
100%
Canadá
100%
China
100%
España
100%
Estados Unidos
100%
Francia
100%
Irlanda
100%
Italia
100%
México
100%
Países Bajos
100%
Reino Unido
100%
Suecia
100%
Suecia
100%
Suiza
100%
Bélgica
67%
Brasil
67%
Ecuador
67%
Irán
67%
Portugal
67%
Turquía
67%
Perú
33%

Distribución de puntuación

Porcentaje por número respondido

Porcentaje de gente con cada puntuación

Historial de tus puntuaciones

No has intentado esta prueba.